Music Quiz

Random Music or Kpop Quiz
Score 0/7 Timer 10:00
0 Plays Today
Letter Answer % Correct
SStray Kids
98.9%
EEXO
98.9%
OOH MY GIRL
93.6%
RRed Velvet
93.6%
CCLC
92.8%
LLOONA
89.4%
PPENTAGON
87.9%
Remove Ads.
Support Sporcle.
Get the best of Sporcle when you Go Orange. This ad-free experience offers more features, more stats, and more fun while also helping to support Sporcle. Thank you for becoming a member.

You're not logged in!

Compare scores with friends on all Sporcle quizzes.
OR
Log In

Show Comments

Extras

Top Quizzes Today


Score Distribution

Your Account Isn't Verified!

In order to create a playlist on Sporcle, you need to verify the email address you used during registration. Go to your Sporcle Settings to finish the process.

Report this User

Report this user for behavior that violates our Community Guidelines.

Details: